000 00757cam a22002534a 4500
999 _c102086
_d102086
003 UPN
005 20240924071219.0
008 031010s2000 es a r 000 1 spa d
020 _a8424178998
035 _aUPN01000129929
040 _aUPN
_bspa
_cUPN
049 _aI
050 4 _aPZ74.9
_bM5.6
100 1 _aMcCormick, Wendy
245 1 0 _aPapá, ¿me echarás de menos? /
_cWendy McCormick ; il. Jennifer Eachus ; tr. Sandra López Varela.
260 _aMadrid :
_bEverest,
_c2000.
300 _a30 p. :
_bil. col.
490 _aRascacielos. A partir de 8 años
534 _pTraducción de:
_tDaddy, will you miss me?
650 4 _aLiteratura infantil
_94445
650 4 _aCuentos infantiles
_96744
905 _aInfantil
942 _2lcc
_cLIBRO